[Event "Mistrzostwa Wielkopolski Juniorow i Mlodzikow Grupa C13"]
[Site "Sypniewo"]
[Date "2018.06.16"]
[Round "1.2"]
[White "Szymczak, Krzysztof"]
[Black "Jedraszek, Pawel"]
[Result "0-1"]
[BlackElo "1506"]
[WhiteElo "1036"]
[LiveChessVersion "1.4.8"]

1. d4 {[%clk 1:30:57]} d5 {[%clk 1:30:46]} 2. c4 {[%clk 1:31:13]} e6
{[%clk 1:30:59]} 3. Bf4 {[%clk 1:31:28]} Nf6 {[%clk 1:29:22]} 4. e3
{[%clk 1:31:25]} Nbd7 {[%clk 1:28:07]} 5. Nf3 {[%clk 1:31:27]} Be7
{[%clk 1:27:01]} 6. Nc3 {[%clk 1:31:43]} a6 {[%clk 1:23:27]} 7. cxd5
{[%clk 1:31:38]} exd5 {[%clk 1:23:35]} 8. Rc1 {[%clk 1:31:08]} c6
{[%clk 1:23:21]} 9. Be2 {[%clk 1:30:25]} O-O {[%clk 1:23:26]} 10. O-O
{[%clk 1:29:58]} Re8 {[%clk 1:18:08]} 11. Qc2 {[%clk 1:21:00]} Nf8
{[%clk 1:15:46]} 12. h3 {[%clk 1:20:40]} Ng6 {[%clk 1:13:57]} 13. Bg3
{[%clk 1:19:01]} Bd6 {[%clk 1:06:51]} 14. Bxd6 {[%clk 1:16:10]} Qxd6
{[%clk 1:07:12]} 15. Bd3 {[%clk 1:15:36]} Nh5 {[%clk 0:56:03]} 16. Bxg6
{[%clk 1:13:28]} hxg6 {[%clk 0:55:10]} 17. Ne5 {[%clk 1:13:32]} Nf6
{[%clk 0:48:05]} 18. Na4 {[%clk 1:03:14]} Nd7 {[%clk 0:43:13]} 19. f4
{[%clk 1:03:26]} Nxe5 {[%clk 0:38:41]} 20. fxe5 {[%clk 1:03:37]} Qc7
{[%clk 0:35:03]} 21. Rf2 {[%clk 1:02:48]} Bf5 {[%clk 0:29:45]} 22. Qc5
{[%clk 1:01:54]} Qe7 {[%clk 0:28:57]} 23. g4 {[%clk 0:58:20]} Be6
{[%clk 0:27:49]} 24. b3 {[%clk 0:52:17]} Qg5 {[%clk 0:25:27]} 25. Rf4
{[%clk 0:51:34]} f5 {[%clk 0:22:55]} 26. Rc2 {[%clk 0:49:44]} fxg4
{[%clk 0:19:01]} 27. hxg4 {[%clk 0:50:04]} Qh4 {[%clk 0:19:18]} 28. Qc3
{[%clk 0:48:22]} Rf8 {[%clk 0:16:56]} 29. Rg2 {[%clk 0:46:07]} Rxf4
{[%clk 0:16:45]} 30. exf4 {[%clk 0:46:35]} Bxg4 {[%clk 0:14:41]} 31. Rh2
{[%clk 0:45:41]} Qe7 {[%clk 0:14:33]} 32. b4 {[%clk 0:39:09]} Rf8
{[%clk 0:14:10]} 33. Qd2 {[%clk 0:38:53]} Qf7 {[%clk 0:13:43]} 34. Rf2
{[%clk 0:38:34]} Bf5 {[%clk 0:13:26]} 35. Nc3 {[%clk 0:38:00]} Qe7
{[%clk 0:13:46]} 36. a3 {[%clk 0:38:02]} Qh4 {[%clk 0:13:58]} 37. Qe3
{[%clk 0:33:18]} Qe7 {[%clk 0:13:55]} 38. Qd2 {[%clk 0:31:49]} a5
{[%clk 0:13:32]} 39. Na2 {[%clk 0:27:37]} axb4 {[%clk 0:13:27]} 40. axb4
{[%clk 0:28:03]} Ra8 {[%clk 0:13:45]} 41. Rh2 {[%clk 0:24:58]} Ra4
{[%clk 0:13:04]} 42. Qc1 {[%clk 0:22:37]} Qd8 {[%clk 0:12:32]} 43. Qe3
{[%clk 0:19:02]} Qa8 {[%clk 0:12:25]} 44. Qd2 {[%clk 0:18:38]} Kf7
{[%clk 0:11:37]} 45. Qe2 {[%clk 0:10:56]} Qa7 {[%clk 0:11:26]} 46. Qb2
{[%clk 0:10:30]} Ra3 {[%clk 0:11:34]} 47. Qf2 {[%clk 0:10:18]} Rd3
{[%clk 0:11:34]} 48. Nc1 {[%clk 0:04:40]} Rd1+ {[%clk 0:11:49]} 0-1

[Event "Mistrzostwa Wielkopolski Juniorow i Mlodzikow Grupa C13"]
[Site "Sypniewo"]
[Date "2018.06.16"]
[Round "1.3"]
[White "Stachecki, Mikolaj"]
[Black "Nowicki, Bartosz"]
[Result "1-0"]
[BlackElo "1023"]
[WhiteElo "1456"]
[LiveChessVersion "1.4.8"]

1. e4 {[%clk 1:30:58]} e5 {[%clk 1:30:54]} 2. Nf3 {[%clk 1:31:24]} Nc6
{[%clk 1:31:18]} 3. Bc4 {[%clk 1:31:50]} Bc5 {[%clk 1:31:37]} 4. O-O
{[%clk 1:32:12]} Nf6 {[%clk 1:31:56]} 5. d4 {[%clk 1:30:36]} Nxd4
{[%clk 1:24:50]} 6. Nxe5 {[%clk 1:29:44]} Ne6 {[%clk 1:21:26]} 7. Nc3
{[%clk 1:17:31]} c6 {[%clk 1:16:28]} 8. Nd3 {[%clk 1:15:30]} Bb6 {[%clk 1:05:27]}
9. e5 {[%clk 1:11:39]} Nd5 {[%clk 1:03:56]} 10. Bxd5 {[%clk 1:07:17]} cxd5
{[%clk 1:04:17]} 11. Nxd5 {[%clk 1:07:28]} O-O {[%clk 1:02:38]} 12. Be3
{[%clk 1:01:43]} Bxe3 {[%clk 1:00:21]} 13. Nxe3 {[%clk 1:01:47]} d6
{[%clk 0:57:38]} 14. c3 {[%clk 0:55:00]} dxe5 {[%clk 0:54:57]} 15. Nxe5
{[%clk 0:55:23]} Qc7 {[%clk 0:53:40]} 16. Nf3 {[%clk 0:55:35]} Rd8
{[%clk 0:51:08]} 17. Qc2 {[%clk 0:55:15]} b6 {[%clk 0:49:15]} 18. g3
{[%clk 0:38:54]} Bb7 {[%clk 0:46:41]} 19. Nh4 {[%clk 0:38:56]} Qc6
{[%clk 0:44:41]} 20. Nhg2 {[%clk 0:38:58]} h5 {[%clk 0:40:15]} 21. f4
{[%clk 0:26:56]} Rd7 {[%clk 0:32:56]} 22. Rad1 {[%clk 0:23:31]} Rad8
{[%clk 0:30:48]} 23. Rxd7 {[%clk 0:21:39]} Rxd7 {[%clk 0:31:03]} 24. Rd1
{[%clk 0:21:48]} Rxd1+ {[%clk 0:29:52]} 25. Qxd1 {[%clk 0:22:12]} Qc5
{[%clk 0:29:34]} 26. Qd3 {[%clk 0:14:02]} g6 {[%clk 0:26:40]} 27. f5
{[%clk 0:11:03]} gxf5 {[%clk 0:25:00]} 28. Qxf5 {[%clk 0:11:25]} Qxf5
{[%clk 0:21:43]} 29. Nxf5 {[%clk 0:11:49]} Nc5 {[%clk 0:21:49]} 30. Nd6
{[%clk 0:06:54]} Bd5 {[%clk 0:20:41]} 31. c4 {[%clk 0:06:01]} Bf3
{[%clk 0:17:53]} 32. Nf4 {[%clk 0:05:15]} Kf8 {[%clk 0:15:11]} 33. Nc8
{[%clk 0:05:27]} Na4 {[%clk 0:14:34]} 34. b3 {[%clk 0:05:08]} Nc3
{[%clk 0:14:26]} 35. Nxa7 {[%clk 0:05:13]} Nxa2 {[%clk 0:14:19]} 36. Nc8
{[%clk 0:05:20]} b5 {[%clk 0:11:47]} 37. cxb5 {[%clk 0:05:44]} Ke8
{[%clk 0:11:04]} 38. Nd6+ {[%clk 0:02:18]} Ke7 {[%clk 0:11:24]} 39. Nf5+
{[%clk 0:02:06]} Kd7 {[%clk 0:11:15]} 40. Kf2 {[%clk 0:01:24]} Bd1
{[%clk 0:11:22]} 41. Nd4 {[%clk 0:01:35]} Nb4 {[%clk 0:10:57]} 42. Ke1
{[%clk 0:01:22]} Bg4 {[%clk 0:10:43]} 43. h3 {[%clk 0:01:39]} Be6
{[%clk 0:10:44]} 44. Ndxe6 {[%clk 0:01:59]} fxe6 {[%clk 0:11:07]} 45. Nxh5
{[%clk 0:02:27]} Nd5 {[%clk 0:11:02]} 46. Kd2 {[%clk 0:02:33]} e5
{[%clk 0:10:46]} 47. Kd3 {[%clk 0:01:56]} e4+ {[%clk 0:10:47]} 48. Kxe4
{[%clk 0:02:15]} Nc3+ {[%clk 0:11:06]} 49. Kf5 {[%clk 0:02:35]} Nxb5
{[%clk 0:11:28]} 50. Ke5 {[%clk 0:02:27]} Nd6 {[%clk 0:11:24]} 51. Nf6+
{[%clk 0:02:46]} Ke7 {[%clk 0:11:33]} 52. Nd5+ {[%clk 0:02:54]} Kd7
{[%clk 0:11:53]} 53. g4 {[%clk 0:02:59]} Nf7+ {[%clk 0:11:59]} 54. Kf6
{[%clk 0:03:15]} Nd6 {[%clk 0:12:13]} 55. h4 {[%clk 0:03:11]} Ne4+
{[%clk 0:12:31]} 56. Ke5 {[%clk 0:03:03]} Nd6 {[%clk 0:12:42]} 57. g5
{[%clk 0:03:22]} Ne8 {[%clk 0:12:36]} 58. Nf6+ {[%clk 0:03:44]} Nxf6
{[%clk 0:12:37]} 59. Kxf6 {[%clk 0:04:09]} Ke8 {[%clk 0:12:56]} 60. g6
{[%clk 0:04:28]} Kf8 {[%clk 0:13:20]} 61. g7+ {[%clk 0:04:43]} Kg8
{[%clk 0:13:36]} 62. b4 {[%clk 0:04:58]} Kh7 {[%clk 0:13:39]} 63. Kf7
{[%clk 0:05:22]} Kh6 {[%clk 0:13:58]} 64. g8=Q {[%clk 0:05:41]} Kh5
{[%clk 0:14:03]} 65. Qg5# {[%clk 0:06:02]} 1-0

[Event "Mistrzostwa Wielkopolski Juniorow i Mlodzikow Grupa C13"]
[Site "Sypniewo"]
[Date "2018.06.16"]
[Round "2.1"]
[White "Lesien, Tymoteusz"]
[Black "Szafranski, Maciej"]
[Result "1-0"]
[BlackElo "1512"]
[WhiteElo "1154"]
[LiveChessVersion "1.4.8"]

1. d4 {[%clk 1:30:52]} d5 {[%clk 1:31:21]} 2. c4 {[%clk 1:31:46]} e6
{[%clk 1:30:27]} 3. Nf3 {[%clk 1:31:56]} Nf6 {[%clk 1:29:56]} 4. Nc3
{[%clk 1:32:03]} Be7 {[%clk 1:29:28]} 5. Bg5 {[%clk 1:32:19]} c6 {[%clk 1:29:44]}
6. e3 {[%clk 1:32:43]} O-O {[%clk 1:29:44]} 7. Bd3 {[%clk 1:33:01]} dxc4
{[%clk 1:30:06]} 8. Bxc4 {[%clk 1:33:22]} b5 {[%clk 1:30:29]} 9. Bd3
{[%clk 1:33:39]} Bb7 {[%clk 1:30:52]} 10. Qc2 {[%clk 1:33:54]} h6
{[%clk 1:30:08]} 11. Bxf6 {[%clk 1:34:17]} Bxf6 {[%clk 1:30:24]} 12. O-O
{[%clk 1:34:43]} a6 {[%clk 1:30:28]} 13. Ne4 {[%clk 1:34:54]} Be7
{[%clk 1:30:44]} 14. Rac1 {[%clk 1:34:26]} Nd7 {[%clk 1:30:49]} 15. Rfd1
{[%clk 1:34:37]} Rc8 {[%clk 1:30:45]} 16. Qe2 {[%clk 1:34:37]} Qb6
{[%clk 1:30:09]} 17. Bb1 {[%clk 1:32:41]} Rfd8 {[%clk 1:30:26]} 18. a3
{[%clk 1:32:41]} c5 {[%clk 1:25:41]} 19. Nxc5 {[%clk 1:32:31]} Bxc5
{[%clk 1:25:24]} 20. dxc5 {[%clk 1:32:47]} Nxc5 {[%clk 1:25:36]} 21. Rxd8+
{[%clk 1:32:15]} Rxd8 {[%clk 1:25:43]} 22. Ne5 {[%clk 1:32:28]} Nb3
{[%clk 1:25:08]} 23. Rd1 {[%clk 1:32:15]} Rxd1+ {[%clk 1:19:23]} 24. Qxd1
{[%clk 1:32:34]} Qc7 {[%clk 1:19:23]} 25. f4 {[%clk 1:31:04]} Qc1
{[%clk 1:14:35]} 26. Qxc1 {[%clk 1:30:43]} Nxc1 {[%clk 1:14:59]} 27. Nd7
{[%clk 1:30:04]} Nb3 {[%clk 1:13:56]} 28. Bc2 {[%clk 1:30:02]} Nd2
{[%clk 1:13:37]} 29. Nc5 {[%clk 1:30:14]} Bc8 {[%clk 1:13:48]} 30. b3
{[%clk 1:30:24]} f5 {[%clk 1:11:44]} 31. Kf2 {[%clk 1:30:33]} Kf7
{[%clk 1:07:41]} 32. Ke1 {[%clk 1:30:11]} Ne4 {[%clk 1:06:00]} 33. Nxe4
{[%clk 1:30:29]} fxe4 {[%clk 1:06:09]} 34. Bxe4 {[%clk 1:30:48]} Kf6
{[%clk 1:06:34]} 35. Kd2 {[%clk 1:30:44]} e5 {[%clk 1:06:52]} 36. fxe5+
{[%clk 1:30:58]} Kxe5 {[%clk 1:07:20]} 37. Kd3 {[%clk 1:31:02]} Be6
{[%clk 1:07:21]} 38. Bb7 {[%clk 1:30:01]} a5 {[%clk 1:06:22]} 39. Kc3
{[%clk 1:29:17]} Bd7 {[%clk 1:06:28]} 40. g3 {[%clk 1:27:55]} Be8
{[%clk 1:06:26]} 41. e4 {[%clk 1:25:54]} Bd7 {[%clk 1:06:37]} 42. Kd3
{[%clk 1:24:42]} Be6 {[%clk 1:05:06]} 43. Bc6 {[%clk 1:24:02]} b4
{[%clk 1:05:14]} 44. axb4 {[%clk 1:22:41]} axb4 {[%clk 1:05:32]} 45. Bd5 Bxd5
{[%clk 1:05:33]} 46. exd5 {[%clk 1:23:08]} Kxd5 {[%clk 1:06:02]} 47. g4
{[%clk 1:22:44]} g5 {[%clk 1:05:17]} 48. h3 Ke5 {[%clk 1:05:46]} 49. Kc4
{[%clk 1:22:49]} Kf4 {[%clk 1:06:11]} 50. Kxb4 {[%clk 1:23:07]} Kg3
{[%clk 1:06:37]} 51. Ka5 {[%clk 1:23:11]} Kxh3 {[%clk 1:07:00]} 52. b4
{[%clk 1:23:27]} Kxg4 {[%clk 1:07:24]} 53. b5 {[%clk 1:23:38]} h5
{[%clk 1:07:47]} 54. b6 {[%clk 1:23:33]} h4 {[%clk 1:08:04]} 55. b7
{[%clk 1:23:58]} h3 {[%clk 1:08:28]} 56. b8=Q {[%clk 1:24:20]} Kh4
{[%clk 1:08:54]} 57. Qe5 {[%clk 1:23:51]} Kg4 {[%clk 1:08:04]} 58. Qe4+
{[%clk 1:22:34]} Kg3 {[%clk 1:08:27]} 59. Qe3+ {[%clk 1:22:39]} Kg4
{[%clk 1:08:35]} 60. Qf2 {[%clk 1:22:50]} Kh5 {[%clk 1:08:54]} 61. Qg3
{[%clk 1:21:49]} g4 {[%clk 1:09:11]} 62. Kb4 {[%clk 1:21:27]} Kg5
{[%clk 1:09:34]} 63. Kc4 {[%clk 1:21:47]} Kf5 {[%clk 1:09:57]} 64. Kd4
{[%clk 1:22:00]} Kg5 {[%clk 1:10:21]} 65. Ke4 {[%clk 1:22:15]} Kf6
{[%clk 1:10:43]} 66. Qxg4 {[%clk 1:22:34]} h2 {[%clk 1:11:07]} 67. Qh4+
{[%clk 1:22:45]} Ke6 {[%clk 1:11:27]} 68. Qxh2 {[%clk 1:23:02]} Kf6
{[%clk 1:11:55]} 69. Qe5+ {[%clk 1:23:14]} Kg6 {[%clk 1:12:14]} 70. Qf5+
{[%clk 1:23:28]} Kg7 {[%clk 1:12:34]} 71. Ke5 {[%clk 1:23:32]} Kh6
{[%clk 1:13:00]} 72. Qg4 {[%clk 1:23:41]} Kh7 {[%clk 1:13:21]} 73. Kf6
{[%clk 1:24:03]} Kh6 {[%clk 1:13:47]} 74. Qg6# {[%clk 1:24:24]} 1-0

[Event "Mistrzostwa Wielkopolski Juniorow i Mlodzikow Grupa C13"]
[Site "Sypniewo"]
[Date "2018.06.16"]
[Round "2.3"]
[White "Lakowski, Filip"]
[Black "Stachecki, Mikolaj"]
[Result "0-1"]
[BlackElo "1456"]
[WhiteElo "1152"]
[LiveChessVersion "1.4.8"]

1. e4 {[%clk 1:30:58]} c5 {[%clk 1:30:57]} 2. c3 {[%clk 1:31:05]} Nf6
{[%clk 1:31:22]} 3. e5 {[%clk 1:31:23]} Nd5 {[%clk 1:31:50]} 4. d4
{[%clk 1:31:31]} cxd4 {[%clk 1:32:12]} 5. cxd4 {[%clk 1:31:51]} Nc6
{[%clk 1:31:43]} 6. Nf3 {[%clk 1:32:05]} e6 {[%clk 1:31:28]} 7. Bb5
{[%clk 1:31:18]} Qa5+ {[%clk 1:31:25]} 8. Nbd2 {[%clk 1:20:31]} Qxb5
{[%clk 1:31:40]} 9. Ne4 {[%clk 1:19:58]} Ncb4 {[%clk 1:26:43]} 10. Qe2
{[%clk 1:14:29]} Qxe2+ {[%clk 1:26:14]} 11. Kxe2 {[%clk 1:14:51]} Be7
{[%clk 1:26:05]} 12. Be3 {[%clk 1:08:23]} Nxe3 {[%clk 1:23:18]} 13. fxe3
{[%clk 1:08:38]} b6 {[%clk 1:23:31]} 14. a3 {[%clk 1:00:38]} Ba6+
{[%clk 1:23:09]} 15. Kf2 {[%clk 0:57:39]} Nd3+ {[%clk 1:23:05]} 16. Kg3
{[%clk 0:57:07]} Nxb2 {[%clk 1:23:19]} 17. Ra2 {[%clk 0:56:32]} Nc4
{[%clk 1:23:37]} 18. Kf2 {[%clk 0:56:31]} Nxa3 {[%clk 1:23:42]} 19. Nd6+
{[%clk 0:55:19]} Bxd6 {[%clk 1:23:50]} 20. exd6 {[%clk 0:55:35]} Nc4
{[%clk 1:23:46]} 21. Rxa6 {[%clk 0:55:36]} Nxd6 {[%clk 1:24:06]} 22. Rha1
{[%clk 0:55:03]} Ke7 {[%clk 1:18:48]} 23. Rxa7 {[%clk 0:54:20]} Rxa7
{[%clk 1:19:10]} 24. Rxa7 {[%clk 0:54:44]} f6 {[%clk 1:19:27]} 25. Nd2
{[%clk 0:52:32]} Rc8 {[%clk 1:19:30]} 26. Ke2 {[%clk 0:46:04]} Rc3
{[%clk 1:18:42]} 27. Ra4 {[%clk 0:44:15]} Rc2 {[%clk 1:16:36]} 28. Kd1
{[%clk 0:41:35]} Rc3 {[%clk 1:16:23]} 29. Ke2 {[%clk 0:41:00]} e5
{[%clk 1:13:37]} 30. dxe5 {[%clk 0:35:32]} fxe5 {[%clk 1:14:00]} 31. Rg4
{[%clk 0:32:33]} g6 {[%clk 1:13:51]} 32. Rb4 {[%clk 0:29:08]} Nf5
{[%clk 1:06:39]} 33. Nc4 {[%clk 0:25:51]} b5 {[%clk 1:06:17]} 34. Nb6
{[%clk 0:20:42]} Rxe3+ {[%clk 1:05:42]} 35. Kf2 {[%clk 0:19:31]} Rd3
{[%clk 1:05:03]} 36. Rxb5 {[%clk 0:17:43]} d6 {[%clk 1:04:17]} 37. Nc4
{[%clk 0:13:18]} Rc3 {[%clk 1:02:48]} 38. Rb7+ {[%clk 0:10:44]} Ke6
{[%clk 1:02:10]} 39. Na5 {[%clk 0:09:40]} h6 {[%clk 0:59:15]} 40. Rb6
{[%clk 0:06:01]} Rc2+ {[%clk 0:59:20]} 41. Kg1 {[%clk 0:06:16]} Nh4
{[%clk 0:58:46]} 42. g3 {[%clk 0:05:27]} Nf3+ {[%clk 0:59:03]} 43. Kf1
{[%clk 0:05:13]} Nxh2+ {[%clk 0:58:02]} 44. Ke1 {[%clk 0:05:28]} Nf3+
{[%clk 0:58:21]} 45. Kd1 {[%clk 0:05:52]} Rd2+ {[%clk 0:58:25]} 46. Kc1
{[%clk 0:06:11]} Rd5 {[%clk 0:58:22]} 47. Nb7 {[%clk 0:05:10]} Ng5
{[%clk 0:57:50]} 48. Nd8+ {[%clk 0:04:35]} Kd7 {[%clk 0:58:12]} 49. Nb7
{[%clk 0:04:35]} Ne4 {[%clk 0:57:57]} 50. Rb4 {[%clk 0:04:22]} Nxg3
{[%clk 0:57:12]} 51. Rg4 {[%clk 0:04:39]} Ne2+ {[%clk 0:57:35]} 52. Kc2
{[%clk 0:04:51]} Nf4 {[%clk 0:53:45]} 0-1

[Event "Mistrzostwa Wielkopolski Juniorow i Mlodzikow Grupa C13"]
[Site "Sypniewo"]
[Date "2018.06.17"]
[Round "3.1"]
[White "Katny, Samuel"]
[Black "Jedraszek, Pawel"]
[Result "1/2-1/2"]
[BlackElo "1506"]
[WhiteElo "1288"]
[LiveChessVersion "1.4.8"]

1. e4 {[%clk 1:30:58]} c5 {[%clk 1:30:54]} 2. Nf3 {[%clk 1:30:50]} d6
{[%clk 1:31:15]} 3. Nc3 {[%clk 1:31:06]} Nf6 {[%clk 1:31:35]} 4. Bc4
{[%clk 1:31:10]} a6 {[%clk 1:31:17]} 5. d3 {[%clk 1:31:13]} b5 {[%clk 1:31:10]}
6. Bb3 {[%clk 1:31:20]} Bb7 {[%clk 1:31:25]} 7. Bg5 {[%clk 1:31:27]} Nbd7
{[%clk 1:31:29]} 8. O-O {[%clk 1:31:20]} e6 {[%clk 1:28:16]} 9. a3
{[%clk 1:25:22]} Be7 {[%clk 1:28:14]} 10. Ne2 {[%clk 1:23:38]} O-O
{[%clk 1:25:13]} 11. Ng3 {[%clk 1:23:38]} h6 {[%clk 1:20:33]} 12. Bxf6
{[%clk 1:23:12]} Nxf6 {[%clk 1:19:54]} 13. Re1 {[%clk 1:21:45]} Qc7
{[%clk 1:18:40]} 14. Qe2 {[%clk 1:18:58]} Rac8 {[%clk 1:10:17]} 15. c3
{[%clk 1:09:35]} c4 {[%clk 1:08:22]} 16. Bc2 {[%clk 1:04:01]} cxd3
{[%clk 1:08:42]} 17. Qxd3 {[%clk 1:02:40]} Qc4 {[%clk 1:02:00]} 18. a4
{[%clk 0:54:15]} Ra8 {[%clk 0:50:16]} 19. b3 {[%clk 0:40:11]} Qxd3
{[%clk 0:50:21]} 20. Bxd3 {[%clk 0:38:30]} bxa4 {[%clk 0:48:15]} 21. Rxa4
{[%clk 0:38:41]} Nd7 {[%clk 0:46:40]} 22. Bc4 {[%clk 0:38:09]} Nc5
{[%clk 0:45:20]} 23. Ra3 {[%clk 0:37:53]} d5 {[%clk 0:43:15]} 24. b4
{[%clk 0:23:06]} Nxe4 {[%clk 0:33:08]} 25. Nxe4 {[%clk 0:19:04]} dxc4
{[%clk 0:32:39]} 26. Ne5 {[%clk 0:17:04]} Rfd8 {[%clk 0:27:56]} 27. h3
{[%clk 0:16:24]} Rac8 {[%clk 0:27:55]} 28. Re2 {[%clk 0:14:55]} Rd1+
{[%clk 0:16:41]} 29. Kh2 {[%clk 0:15:13]} Bd6 {[%clk 0:14:18]} 30. Nxd6
{[%clk 0:14:37]} Rxd6 {[%clk 0:14:41]} 31. Raa2 {[%clk 0:13:22]} f6
{[%clk 0:14:34]} 32. Ng6 {[%clk 0:11:39]} Kf7 {[%clk 0:14:41]} 33. Nf4
{[%clk 0:11:04]} e5 {[%clk 0:14:24]} 34. Nh5 {[%clk 0:11:02]} Rd3
{[%clk 0:14:27]} 35. Rad2 {[%clk 0:10:43]} Rcd8 {[%clk 0:14:41]} 36. Rc2
{[%clk 0:10:56]} R8d6 {[%clk 0:14:10]} 37. Ng3 {[%clk 0:10:50]} g6
{[%clk 0:13:55]} 38. Ne4 {[%clk 0:10:10]} Bxe4 {[%clk 0:14:18]} 39. Rxe4
{[%clk 0:10:37]} Rc6 {[%clk 0:14:36]} 40. f4 {[%clk 0:09:47]} exf4
{[%clk 0:13:24]} 41. Rxf4 {[%clk 0:10:14]} Re3 {[%clk 0:11:51]} 42. Rd4
{[%clk 0:09:41]} Rd3 {[%clk 0:11:36]} 43. Re4 {[%clk 0:09:50]} h5
{[%clk 0:09:52]} 44. Rc1 {[%clk 0:08:47]} g5 {[%clk 0:09:53]} 45. Rc2
{[%clk 0:07:45]} h4 {[%clk 0:09:53]} 46. Rc1 {[%clk 0:06:48]} Rd2
{[%clk 0:08:04]} 47. Rce1 {[%clk 0:06:12]} Kg6 {[%clk 0:07:34]} 48. Re6
{[%clk 0:05:03]} Rdd6 {[%clk 0:07:24]} 49. R6e4 {[%clk 0:05:09]} Rd3
{[%clk 0:07:13]} 50. Rc1 {[%clk 0:04:54]} Kf5 {[%clk 0:06:48]} 51. Re8
{[%clk 0:04:44]} Kg6 {[%clk 0:05:43]} 52. Re4 {[%clk 0:05:10]} f5
{[%clk 0:05:48]} 53. Re8 {[%clk 0:04:54]} f4 {[%clk 0:05:41]} 54. Rg8+
{[%clk 0:05:11]} Kf5 {[%clk 0:05:10]} 55. Rf8+ {[%clk 0:05:22]} Ke5
{[%clk 0:04:29]} 56. Rg8 {[%clk 0:05:19]} Kf5 {[%clk 0:04:00]} 57. Rf8+
{[%clk 0:05:03]} Kg6 {[%clk 0:03:54]} 58. Rg8+ {[%clk 0:05:24]} Kf6
{[%clk 0:04:13]} 59. Rf8+ {[%clk 0:04:49]} Kg7 {[%clk 0:04:28]} 60. Rf5
{[%clk 0:05:11]} 1/2-1/2

[Event "Mistrzostwa Wielkopolski Juniorow i Mlodzikow Grupa C13"]
[Site "Sypniewo"]
[Date "2018.06.17"]
[Round "3.2"]
[White "Stachecki, Mikolaj"]
[Black "Rosenfeld, Noe"]
[Result "0-1"]
[BlackElo "1271"]
[WhiteElo "1456"]
[LiveChessVersion "1.4.8"]

1. e4 {[%clk 1:30:59]} c5 {[%clk 1:30:57]} 2. Nf3 {[%clk 1:31:25]} d6
{[%clk 1:31:16]} 3. d4 {[%clk 1:31:50]} cxd4 {[%clk 1:31:42]} 4. Nxd4
{[%clk 1:32:18]} Nf6 {[%clk 1:32:06]} 5. Nc3 {[%clk 1:32:31]} a6 {[%clk 1:32:29]}
6. Be2 {[%clk 1:32:52]} e5 {[%clk 1:32:41]} 7. Nb3 {[%clk 1:33:17]} Be7
{[%clk 1:32:41]} 8. Bg5 {[%clk 1:33:28]} Nbd7 {[%clk 1:31:45]} 9. a4
{[%clk 1:30:35]} Qc7 {[%clk 1:30:40]} 10. Qd3 {[%clk 1:27:07]} b6
{[%clk 1:28:55]} 11. O-O {[%clk 1:16:55]} Bb7 {[%clk 1:28:22]} 12. f3
{[%clk 1:15:51]} h6 {[%clk 1:27:18]} 13. Be3 {[%clk 1:15:15]} Nc5
{[%clk 1:27:10]} 14. Nxc5 {[%clk 1:13:47]} bxc5 {[%clk 1:27:30]} 15. Nd5
{[%clk 1:13:25]} Bxd5 {[%clk 1:26:58]} 16. exd5 {[%clk 1:13:42]} Qb7
{[%clk 1:26:30]} 17. c4 {[%clk 1:10:58]} a5 {[%clk 1:24:52]} 18. b3
{[%clk 1:07:35]} Qd7 {[%clk 1:23:11]} 19. Qc2 {[%clk 1:05:54]} g6
{[%clk 1:19:01]} 20. Bd3 {[%clk 1:04:52]} Kf8 {[%clk 1:17:50]} 21. f4
{[%clk 0:56:20]} Ng4 {[%clk 1:12:25]} 22. Bd2 {[%clk 0:56:40]} Bf6
{[%clk 1:12:37]} 23. Be2 {[%clk 0:44:44]} e4 {[%clk 0:56:17]} 24. Bxg4
{[%clk 0:44:31]} Bd4+ {[%clk 0:53:57]} 25. Kh1 {[%clk 0:44:51]} Qxg4
{[%clk 0:53:28]} 26. Rae1 {[%clk 0:39:07]} f5 {[%clk 0:52:34]} 27. Bc3
{[%clk 0:33:52]} g5 {[%clk 0:50:21]} 28. Bxd4 {[%clk 0:25:37]} cxd4 29. fxg5
{[%clk 0:24:56]} Kg7 {[%clk 0:46:45]} 30. Qd1 {[%clk 0:13:32]} Qxg5
{[%clk 0:43:37]} 31. Qxd4+ {[%clk 0:13:54]} Kh7 {[%clk 0:43:24]} 32. Qe3
{[%clk 0:12:37]} Rhf8 {[%clk 0:41:32]} 33. Qf4 {[%clk 0:11:48]} Qxf4
{[%clk 0:39:36]} 34. Rxf4 {[%clk 0:12:14]} Rae8 {[%clk 0:39:50]} 35. g3
{[%clk 0:11:38]} e3 {[%clk 0:38:36]} 36. Rf3 {[%clk 0:11:43]} e2 {[%clk 0:38:42]}
37. Kg2 {[%clk 0:09:41]} Re5 {[%clk 0:37:33]} 38. g4 {[%clk 0:08:29]} Rg8
{[%clk 0:37:07]} 39. Kf2 {[%clk 0:08:28]} fxg4 {[%clk 0:36:26]} 40. Rf7+
{[%clk 0:06:35]} Kg6 {[%clk 0:35:40]} 41. Rd7 {[%clk 0:07:01]} Rf8+
{[%clk 0:35:13]} 42. Kg2 {[%clk 0:07:25]} Rf6 {[%clk 0:34:08]} 43. Ra7
{[%clk 0:07:49]} h5 {[%clk 0:33:56]} 44. Rxa5 {[%clk 0:06:30]} h4
{[%clk 0:34:11]} 45. Ra8 {[%clk 0:06:45]} h3+ {[%clk 0:33:18]} 46. Kg1
{[%clk 0:07:10]} Ref5 {[%clk 0:31:57]} 47. Rxe2 {[%clk 0:07:28]} Rf1#
{[%clk 1:30:30]} 0-1